00346nam a2200133Ia 4500003000400000005001700004008004100021040001800062041000800080100004800088110001700136245003900153260002000192OSt20230525111850.0211028s2018 xx 000 0 und d cAIMIT LIBRARY aeng aArshad, Ibrahim K M; Srinivas, B L.e161915 aSrinivas B L aAutomation of case categorization. aMangaluruc2018